000 00341nam a2200133Ia 4500
008 151001s9999||||xx |||||||||||||| ||und||
100 _aज्ञानेश महाराव
245 _aउत्तर क्रिया
250 _a1
260 _bपुण्य
260 _c2000
300 _a223
365 _b21
999 _c978140
_d978137